[Event "Clutch Chess 2020"]
[Site "Online"]
[Date "2020.05.29"]
[Round "2.9"]
[White "Caruana, Fabiano"]
[Black "So, Wesley"]
[Result "1/2-1/2"]
[WhiteElo "2773"]
[BlackElo "2741"]
[Annotator "TA"]
[PlyCount "81"]
[EventDate "2020.05.24"]
[EventType "k.o."]
[SourceTitle "playchess.com"]
[Source "ChessBase"]
[SourceQuality "1"]

{[%evp 19,81,18,34,0,13,0,15,0,27,21,39,44,33,42,41,37,37,40,40,40,46,0,46,41,40,42,35,0,0,0,0,2,52,0,10,0,0,0,0,-2,-2,-2,-3,-8,-7,-7,-7,-7,-8,-8,-8,-8,-8,-9,-2,-2,-2,-2,0,0,0,-3,-3,-3]} 1. e4 e5 2. Nf3 Nc6 3. Bb5 Nf6 4. O-O Nxe4 5. d4 Nd6 6. Bxc6 dxc6 7. dxe5 Nf5 8. Qxd8+ Kxd8 9. Rd1+ Ke8 10. Nc3 Be7 11. Bg5 {C67: Ruy Lopez: Berlin Defence: 4 0-0 Nxe4.} h6 12. Bxe7 Nxe7 13. Nd4 Ng6 14. g3 {[#]} h5 $146 ({Predecessor:} 14... Ke7 15. f4 Rd8 16. Ne4 Nf8 17. f5 g6 18. g4 gxf5 19. gxf5 Nh7 20. Rd3 Ng5 {½-½ (20) Llorente Alvarez,J (2015)-Moskalenko,E (2097) LSS email 2013}) 15. Rd2 h4 16. Re1 Nf8 17. Ne4 hxg3 18. hxg3 Ne6 19. Nf5 g6 20. Nf6+ Kf8 21. Nh4 b6 22. f4 Kg7 23. Rf1 c5 24. f5 Nd4 25. fxg6 fxg6 (25... Bh3 $5 {[%cal Rh3f1]}) 26. c3 (26. Nd5 $1 $14) 26... Nc6 {The position is equal.} 27. Nd5 Bh3 28. Rff2 {Black must now prevent e6.} Nxe5 {...Rad8 is the strong threat.} 29. Rde2 $132 {[%mdl 2048] White puts up resistance} Rae8 $1 {Black wants to play ...c6.} 30. Nxc7 Rc8 31. Ne6+ (31. Rxe5 {with more complications.} Rxc7 32. Ng2 Rf7 33. Nf4 Bc8 34. Rfe2) 31... Bxe6 32. Rxe5 Rhe8 33. Rfe2 Bf7 34. Rxe8 Rxe8 35. Rxe8 Bxe8 $11 {[%mdl 4096] Endgame KB-KN} 36. Kf2 Bf7 37. a3 Kf6 38. Nf3 g5 39. Ke3 Bd5 40. Ne1 Kf5 41. Nd3 {Accuracy: White = 88%, Black = 91%.} 1/2-1/2

[Event "Clutch Chess 2020"]
[Site "Online"]
[Date "2020.05.29"]
[Round "2.10"]
[White "So, Wesley"]
[Black "Caruana, Fabiano"]
[Result "1-0"]
[WhiteElo "2741"]
[BlackElo "2773"]
[Annotator "TA"]
[PlyCount "63"]
[EventDate "2020.05.24"]
[EventType "k.o."]
[SourceTitle "playchess.com"]
[Source "ChessBase"]
[SourceQuality "1"]

{[%evp 13,63,12,16,17,20,18,40,41,50,29,37,35,35,44,46,27,47,52,34,42,35,28,145,151,159,147,169,190,176,141,183,137,235,228,388,391,347,389,400,400,385,403,387,400,1235,1143,29992,29993,29993,29994,29994,377]} 1. e4 e5 2. Nf3 Nc6 3. Bc4 Bc5 4. c3 Nf6 5. d3 a6 6. O-O d6 7. a4 h6 8. Re1 {C54: Giuoco Piano: 4 c3 Nf6, main lines with 5 d4 and 5 d3.} Ba7 9. Nbd2 g5 {Nowadays more popular than 9...0-0.} 10. b4 {White is slightly better.} Nh7 {[#]} 11. Nb3 $146 ({Predecessor:} 11. Nf1 g4 12. N3d2 Qf6 13. Ne3 Ne7 14. d4 Rg8 15. Nd5 Nxd5 16. exd5 Ng5 17. Nf1 {0-1 (60) Nguyen,T (2547)-Rubes,J (2345) Ostrava 2019}) 11... g4 12. Nfd2 Qf6 {[#]} 13. d4 $1 {[%mdl 512]} Ng5 {[%cal Re5d4]} (13... exd4 14. e5) 14. b5 Ne7 15. bxa6 bxa6 16. Nf1 $36 {[%mdl 2048] White has some pressure.} h5 17. Qd3 Rg8 (17... Ne6 $11) 18. Bxg5 $1 $16 (18. Bxa6 Nh3+ $1 {[%mdl 512]} 19. gxh3 gxh3+ 20. Ng3 Bxa6 $19) 18... Rxg5 19. Bxa6 Bd7 20. Bb7 Rd8 21. Qa6 Bb8 22. Ne3 h4 {[#]} (22... Kf8 $16 23. Nc4 Ng6) 23. Nc5 $1 $18 g3 $2 {[#]} (23... exd4 24. Nd5 Nxd5 25. exd5+ Kf8) 24. fxg3 $1 hxg3 {( -> ...Qf2+)} 25. Nxd7 Rxd7 26. Rf1 Qh8 {[%csl Gg3][%cal Rh8h2]} 27. h3 {Strongly threatening Bc6.} exd4 28. Nd5 Nxd5 (28... Kf8 $142 29. Qb5 Rd8) 29. Bxd5 {White threatens Qc8+ and mate.} dxc3 30. Qc8+ {[%mdl 64] Double Attack. White mates.} Rd8 31. Bxf7+ Ke7 32. Qe6+ {Accuracy: White = 100%, Black = 59%.} 1-0

[Event "Clutch Chess 2020"]
[Site "Online"]
[Date "2020.05.29"]
[Round "2.11"]
[White "Caruana, Fabiano"]
[Black "So, Wesley"]
[Result "0-1"]
[WhiteElo "2773"]
[BlackElo "2741"]
[Annotator "TA"]
[PlyCount "81"]
[EventDate "2020.05.24"]
[EventType "k.o."]
[SourceTitle "playchess.com"]
[Source "ChessBase"]
[SourceQuality "1"]

{[%evp 9,81,20,27,20,19,25,13,4,14,15,18,15,7,0,3,0,0,0,0,-14,-14,-27,-14,-8,-6,-38,-37,-25,-25,-25,-29,-54,-37,-44,-53,-52,-50,-50,-46,-66,-58,-75,-49,-41,-43,-55,-52,-32,-47,-62,-67,-64,-35,-44,-38,-225,-218,-217,-217,-480,-510,-638,-636,-618,-599,-1043,-1043,-979,-948,-1194,-1268,-29984,-29985,-29985]} 1. e4 e5 2. Nf3 Nc6 3. Bb5 Nf6 4. d3 Bc5 5. Bxc6 dxc6 6. Nbd2 {C65: Ruy Lopez: Berlin Defence (3...Nf6), unusual lines and 4 0-0 Bc5.} Nd7 7. Nc4 f6 $1 {[%mdl 4] is more profitable than 7...0-0 at the moment. Played by Sergey Karjakin in May 2020.} 8. c3 {The position is equal.} O-O {[#]} 9. d4 $146 ({Predecessor:} 9. O-O Re8 10. d4 exd4 11. cxd4 Bf8 12. Re1 Nb6 13. Nxb6 axb6 14. h3 Be6 15. a3 {½-½ (44) Nepomniachtchi,I (2773)-So,W (2760) Kolkata 2019}) 9... Bd6 10. O-O Nb6 11. Na5 Qe7 12. Re1 Rb8 13. h3 Qf7 14. Be3 exd4 15. Nxd4 Qg6 {And now ...Bxh3 would win.} 16. Qf3 $1 Nd7 17. Qg4 (17. Bf4 {looks sharper.} Ne5 18. Qg3 Qh5 19. Nab3 Kh8 20. Qe3) 17... Qxg4 18. hxg4 Ne5 19. f3 g6 20. Rad1 Bd7 21. Nc2 b6 22. Nb3 c5 23. Nc1 a5 {[%cal Ba7a5,Ba5a4][%mdl 32]} 24. Ne2 a4 25. Nf4 Kg7 26. Nd5 Be6 27. b3 axb3 28. axb3 Ra8 29. Bf2 Ra2 30. Nce3 b5 31. c4 b4 32. Bh4 $2 {[#] Loses the game.} (32. f4 $1 $15) 32... g5 $1 $19 {[%cal Rg5h4]} 33. Bf2 {[#]} Rfa8 $1 34. Nb6 $2 (34. Nf5+ Bxf5 35. exf5) 34... R8a3 35. Nf5+ Bxf5 36. exf5 Rxb3 ({Worse is} 36... cxb6 37. Rxd6 Rxb3 38. Rxb6 $11) 37. Nc8 Rbb2 38. Rf1 Nxc4 39. Rd3 b3 40. Rc3 {[#]} Rxf2 $1 {[%mdl 64] Promotion} 41. Rxf2 {Accuracy: White = 61%, Black = 93%.} 0-1

[Event "Clutch Chess 2020"]
[Site "Online"]
[Date "2020.05.29"]
[Round "2.12"]
[White "So, Wesley"]
[Black "Caruana, Fabiano"]
[Result "0-1"]
[WhiteElo "2741"]
[BlackElo "2773"]
[Annotator "TA"]
[PlyCount "84"]
[EventDate "2020.05.24"]
[EventType "k.o."]
[SourceTitle "playchess.com"]
[Source "ChessBase"]
[SourceQuality "1"]

{[%evp 17,84,-13,-8,-58,-52,-57,-57,-59,-55,-63,-67,-75,-78,-70,-71,-71,-73,-89,-75,-79,-62,-78,-73,-116,-116,-212,-212,-212,-218,-204,-189,-212,-204,-204,-215,-211,-211,-222,-202,-376,-268,-278,-270,-423,-208,-212,-202,-239,-234,-237,-236,-306,-305,-247,-226,-388,-376,-607,-651,-651,-643,-614,-641,-627,-627,-617,-572,-557,-548]} 1. d4 d6 2. Nf3 Nf6 3. c4 g6 4. Nc3 Bf5 5. g3 Ne4 6. Qb3 Nxc3 7. bxc3 Be4 8. Bg2 Bg7 9. O-O O-O 10. Ne1 {E60: King's Indian: Unusual lines and Fianchetto Variation without Nc3.} Bxg2 11. Nxg2 b6 12. e4 {Black is slightly better.} Nc6 {[#]} 13. Qa4 $146 ({Predecessor:} 13. Ne3 Na5 14. Qc2 c5 15. Qd3 cxd4 16. cxd4 Rc8 17. Bd2 Nc6 18. Bc3 Qd7 19. Kg2 {1-0 (43) Postny,E (2606)-Bortnyk,O (2570) Kishinev 2017}) 13... Qe8 14. Qc2 e5 15. d5 Na5 16. Ne3 Qd7 17. Kh1 Rae8 18. Bd2 Nb7 19. g4 Bh6 20. Nf5 Bf4 $1 21. Ne3 {[#]} (21. Bxf4 $17 exf4 22. Nd4) 21... Bxe3 $1 $19 22. Bxe3 Qxg4 23. Bh6 Qf3+ 24. Kg1 f5 {Strongly threatening ...Rf7.} 25. Bxf8 Rxf8 26. Rae1 Nc5 27. Re3 Qg4+ 28. Kh1 $2 (28. Rg3 Qxe4 29. Qxe4 Nxe4 30. Rd3) 28... Nxe4 29. f3 Qf4 30. Ree1 (30. Qe2 {keeps fighting.} Nc5 31. Rb1) 30... Ng5 (30... Nd2 $142 31. Rf2 Nxf3) 31. Qg2 Kg7 32. Qg3 {[#]} Qxg3 $1 33. hxg3 {[%mdl 4096] Endgame KRR-KRN} f4 34. g4 Kf6 35. Kg2 {[#]} e4 $1 {[%mdl 512]} 36. fxe4 $2 (36. Rf2) 36... Ke5 37. Rf3 $2 (37. Re3 f3+ 38. Kf2) 37... Nxf3 {Black is clearly winning.} 38. Kxf3 Rh8 39. Rg1 h5 40. gxh5 Rxh5 41. Rxg6 {[%csl Gd5][%cal Rg6e6]} Rh3+ 42. Ke2 {[%csl Gd5][%cal Rg6e6]} Rxc3 {White did not feel at home in the position after the opening. Accuracy: White = 49%, Black = 88%.} 0-1